Normal view
MARC view
Entry Personal Name
001 - CONTROL NUMBER
- control field: 52900
003 - CONTROL NUMBER IDENTIFIER
- control field: ARRUPE
005 - DATE AND TIME OF LATEST TRANSACTION
- control field: 20251021120436.0
008 - FIXED-LENGTH DATA ELEMENTS
- fixed length control field: 251021|| aca||aabn | a|a d
040 ## - CATALOGING SOURCE
- Original cataloging agency: ARRUPE
- Transcribing agency: ARRUPE
100 ## - HEADING--PERSONAL NAME
- Personal name: Cleary, William
670 ## - SOURCE DATA FOUND
- Source citation: Work cat.: (ARRUPE)131961: Cleary, William, Spiritan life and mission since Vatican II, 2018